000 00559nam a2200205Ia 4500
005 20250923145251.0
008 008 250917s9999 xx 000 0 eng d
037 _aTextual
040 _aDSWL
_beng
_cDSWL
041 _aeng
_2eng
084 _aY12:4.1, N72
_qDSWL
100 _aMilson, Fred
_9833504
245 0 _aYouth in a Changing Society
_cby Fred Milson
260 _aLondon
_b Routledge & Kegan Paul
_c1972
300 _a134p.
365 _aGBP
_b1.5
925 _g1.5
942 _cTEXL
_hY12:4.1, N72
999 _c1449216
_d1449216